00460 2200169 4500001002100000005001500021035002000036007000300056008004100059020001800100082000800118084001800126100001600144245008100160260003300241990001600274INLIS00000000000214720260304103759 a0010-0326000095ta260304 0  a9786238108497 a160 a160 RIZ l C.10 aRizem Aizid1 aLOGIKA KEILMUAN :bILmu Silogisme dan Induksi untuk Membangun Agumen-Argumen ayogyakarta :bIRCiSoD,c2024 a2026/P/0144